<?xml version="1.0" encoding="UTF-8"?>
<record
    xmlns:xsi="http://www.w3.org/2001/XMLSchema-instance"
    xsi:schemaLocation="http://www.loc.gov/MARC21/slim http://www.loc.gov/standards/marcxml/schema/MARC21slim.xsd"
    xmlns="http://www.loc.gov/MARC21/slim">

  <leader>02250nam a2200301uu 4500</leader>
  <controlfield tag="001">1472157</controlfield>
  <controlfield tag="005">20260508092000.0</controlfield>
  <controlfield tag="008">170829s2002                        spa  </controlfield>
  <datafield tag="020" ind1=" " ind2=" ">
    <subfield code="a">9788497560146</subfield>
  </datafield>
  <datafield tag="035" ind1=" " ind2=" ">
    <subfield code="a">1472157</subfield>
  </datafield>
  <datafield tag="040" ind1=" " ind2=" ">
    <subfield code="c">comduadb</subfield>
  </datafield>
  <datafield tag="041" ind1=" " ind2=" ">
    <subfield code="a">spa</subfield>
  </datafield>
  <datafield tag="082" ind1=" " ind2="4">
    <subfield code="a">946</subfield>
  </datafield>
  <datafield tag="100" ind1="1" ind2="0">
    <subfield code="a">Aguado, Ana M. </subfield>
    <subfield code="4">aut</subfield>
    <subfield code="e">aut</subfield>
    <subfield code="9">751906</subfield>
  </datafield>
  <datafield tag="245" ind1="1" ind2="3">
    <subfield code="a">La modernizaci&#xF3;n de Espa&#xF1;a (1917-1939) : cultura y vida cotidiana</subfield>
  </datafield>
  <datafield tag="260" ind1=" " ind2=" ">
    <subfield code="a">Madrid :</subfield>
    <subfield code="b">Editorial S&#xED;ntesis,</subfield>
    <subfield code="c">2002.</subfield>
  </datafield>
  <datafield tag="300" ind1=" " ind2=" ">
    <subfield code="a">397 p&#xE1;ginas</subfield>
  </datafield>
  <datafield tag="490" ind1="0" ind2=" ">
    <subfield code="a">Historia de Espa&#xF1;a 3er. Milenio ;</subfield>
    <subfield code="v">31</subfield>
  </datafield>
  <datafield tag="520" ind1="3" ind2=" ">
    <subfield code="a">RESUMEN: "En la historia de Espa&#xF1;a del siglo XX, los a&#xF1;os comprendidos entre 1917 y 1939 son particularmente intensos y complejos, polifac&#xE9;ticos y contradictorios. Sobre este per&#xED;odo, el presente volumen intenta dar un tratamiento globalizador de las diversas facetas que encierran los conceptos cultura y vida cotidiana, en la din&#xE1;mica social que recorre la crisis de la Restauraci&#xF3;n, la Dictadura de Primo de Rivera, la II Rep&#xFA;blica y la Guerra Civil, presentando as&#xED; un balance hist&#xF3;rico e historiogr&#xE1;fico cualitativo, explicativo y necesariamente selectivo. Por ello, la cultura se entiende en esta obra no s&#xF3;lo desde una definici&#xF3;n referida a la producci&#xF3;n literaria y art&#xED;stica &#x2013;aunque tambi&#xE9;n&#x2013;, sino m&#xE1;s ampliamente, como cultura vivida, como el conjunto de pr&#xE1;cticas culturales que se vinculan a ideolog&#xED;as, mentalidades, morales, formas de vida cotidiana, relaciones de g&#xE9;nero o a la esfera privada. As&#xED;, en los diferentes cap&#xED;tulos se recoge la interrelaci&#xF3;n existente entre cultura, vida cotidiana e ideolog&#xED;a, como tres ramas de un mismo &#xE1;rbol que contiene los modelos culturales producidos, pensados y vividos en un espacio determinado, insertos y relacionados con su contexto hist&#xF3;rico, del que forman parte y al que conforman a su vez."</subfield>
  </datafield>
  <datafield tag="650" ind1=" " ind2=" ">
    <subfield code="a">Espa&#xF1;a - Historia - Siglo XX</subfield>
    <subfield code="9">1270</subfield>
  </datafield>
  <datafield tag="650" ind1=" " ind2=" ">
    <subfield code="a">Espa&#xF1;a - Aspectos culturales</subfield>
    <subfield code="9">168400</subfield>
  </datafield>
  <datafield tag="650" ind1=" " ind2=" ">
    <subfield code="a">Espa&#xF1;a - Aspectos sociales</subfield>
    <subfield code="9">206041</subfield>
  </datafield>
  <datafield tag="650" ind1=" " ind2=" ">
    <subfield code="a">Espa&#xF1;a - Vida social y costumbres</subfield>
    <subfield code="9">45988</subfield>
  </datafield>
  <datafield tag="650" ind1=" " ind2=" ">
    <subfield code="a">Espa&#xF1;a - Vida intelectual</subfield>
    <subfield code="9">2423</subfield>
  </datafield>
  <datafield tag="650" ind1=" " ind2=" ">
    <subfield code="a">Vida cotidiana - Espa&#xF1;a</subfield>
    <subfield code="9">223349</subfield>
  </datafield>
  <datafield tag="700" ind1="1" ind2="0">
    <subfield code="a">Ramos Medina, Mar&#xED;a Dolores </subfield>
    <subfield code="4">aut</subfield>
    <subfield code="e">aut</subfield>
    <subfield code="9">657535</subfield>
  </datafield>
  <datafield tag="942" ind1=" " ind2=" ">
    <subfield code="c">BOOK</subfield>
  </datafield>
  <datafield tag="999" ind1=" " ind2=" ">
    <subfield code="c">762338</subfield>
    <subfield code="d">762338</subfield>
  </datafield>
  <datafield tag="952" ind1=" " ind2=" ">
    <subfield code="0">0</subfield>
    <subfield code="1">0</subfield>
    <subfield code="4">0</subfield>
    <subfield code="7">0</subfield>
    <subfield code="8">GEN</subfield>
    <subfield code="a">BC</subfield>
    <subfield code="b">BC</subfield>
    <subfield code="d">2017-08-29</subfield>
    <subfield code="e">El Bibliotec&#xF3;logo</subfield>
    <subfield code="g">120640.00</subfield>
    <subfield code="i">C1267223</subfield>
    <subfield code="l">0</subfield>
    <subfield code="o">946.077 A282</subfield>
    <subfield code="p">1038189</subfield>
    <subfield code="r">2023-05-04 00:00:00</subfield>
    <subfield code="t">1</subfield>
    <subfield code="w">2023-05-04</subfield>
    <subfield code="y">BOOK</subfield>
  </datafield>
</record>
